| 000 | 01707namaa2200409 i 4500 | ||
|---|---|---|---|
| 003 | EG-GICUC | ||
| 005 | 20260610145856.0 | ||
| 008 | 260610m200u2005ua ao||jr|||| 000 0 ara d | ||
| 017 |
_a2006 / 2972 (v.2) _bدار الكتب والوثائق القومية (مصر) |
||
| 040 |
_aEG-GiCUC _bara _cEG-GiCUC _dEG-GiCUC _erda |
||
| 041 | 1 |
_aara _heng |
|
| 082 | 0 | 4 |
_221 _a791.43 _bA2578 |
| 092 | 0 | 4 |
_221 _a791.43 _bA2578 |
| 099 | _a791.43 A2578 | ||
| 100 | 1 | _eمؤلف. | |
| 240 | 1 |
_aMovies and methods : an anthology _lArabic |
|
| 245 |
_aأفلام ومناهج : _bنصوص نقدية ونظرية مختارة/ _cتحرير بيل نيكولز ؛ ترجمة حسين بيومى. |
||
| 250 | _aالطبعة الاولى | ||
| 264 |
_aالقاهرة (مصر) : _bالمجلس الأعلى للثقافة، _c-200-2005. |
||
| 300 |
_aمجلدات : _bإيضاحيات، صور ؛ _c24 سم |
||
| 336 |
_2rdacontent _atext |
||
| 337 |
_2rdamedia _aUnmediated |
||
| 338 |
_2rdacarrier _avolume |
||
| 490 |
_aالمشروع القومى للترجمة ؛ _v904 |
||
| 500 | _aالترجمة العربية لـ : Movies and methods : an anthology | ||
| 500 | _aالمكتبة تقتنى المجلد الثانى فقط | ||
| 504 | _aيشتمل على ارجاعات ببليوجرافية. | ||
| 505 | _aالمجلد الثانى. نقد الشكل | ||
| 541 |
_aوزارة الثقافة ؛ _bالقاهرة ؛ _cإهداء ؛ _d2023. |
||
| 650 | 1 | 7 |
_aالسينما _2qrmak |
| 650 | 1 | 7 |
_aالافلام السينمائية _2qrmak |
| 651 | 1 | _2qrmak | |
| 700 | 1 |
_aنيكولز، بيل _eمحرر. |
|
| 700 | 1 |
_aبيومى، حسن _eمترجم. |
|
| 905 | _aAya | ||
| 942 |
_2ddc _cBK _e21 _n0 |
||
| 999 |
_c180490 _d180490 |
||